<?xml version="1.0" encoding="UTF-8"?>
<record
    xmlns:xsi="http://www.w3.org/2001/XMLSchema-instance"
    xsi:schemaLocation="http://www.loc.gov/MARC21/slim http://www.loc.gov/standards/marcxml/schema/MARC21slim.xsd"
    xmlns="http://www.loc.gov/MARC21/slim">

  <leader>05118nam a22004457a 4500</leader>
  <controlfield tag="001">51005</controlfield>
  <controlfield tag="003">Biblioteca APEC</controlfield>
  <controlfield tag="005">20251014134039.0</controlfield>
  <controlfield tag="008">170930b2016    dr ||||| |||| 00| 0 spa d</controlfield>
  <datafield tag="040" ind1=" " ind2=" ">
    <subfield code="c">Biblioteca UNAPEC</subfield>
    <subfield code="a">Biblioteca UNAPEC</subfield>
    <subfield code="b">spa</subfield>
    <subfield code="e">rda</subfield>
  </datafield>
  <datafield tag="041" ind1=" " ind2=" ">
    <subfield code="a">spa</subfield>
  </datafield>
  <datafield tag="072" ind1=" " ind2=" ">
    <subfield code="a">Facultad de Humanidades</subfield>
  </datafield>
  <datafield tag="090" ind1=" " ind2=" ">
    <subfield code="a">TPG-CI MAS-01 2016</subfield>
  </datafield>
  <datafield tag="100" ind1="1" ind2=" ">
    <subfield code="a">Tapia Mora, Francisco Antonio</subfield>
    <subfield code="9">4276</subfield>
    <subfield code="e">autor</subfield>
  </datafield>
  <datafield tag="245" ind1="1" ind2="0">
    <subfield code="a">Aplicaci&#xF3;n del an&#xE1;lisis matem&#xE1;tico en la optimizaci&#xF3;n del proceso de recolecci&#xF3;n y uso de garrafones retornables en la empresa Agua Planeta Azul, S. A. en la ciudad de Santo Domingo, 2016 /</subfield>
    <subfield code="c">Francisco Antonio Tapia Mora ; asesor: Ignacio de la Caridad P&#xE9;rez Yzquierdo</subfield>
  </datafield>
  <datafield tag="260" ind1=" " ind2=" ">
    <subfield code="a">Santo Domingo, DO :</subfield>
    <subfield code="b">Universidad APEC</subfield>
    <subfield code="c">2016</subfield>
  </datafield>
  <datafield tag="300" ind1=" " ind2=" ">
    <subfield code="a">71 h. :</subfield>
    <subfield code="e">+ 1 CD ROM</subfield>
  </datafield>
  <datafield tag="336" ind1=" " ind2=" ">
    <subfield code="a">Texto</subfield>
    <subfield code="b">txt</subfield>
    <subfield code="2">rdacontent</subfield>
  </datafield>
  <datafield tag="337" ind1=" " ind2=" ">
    <subfield code="a">sin mediaci&#xF3;n</subfield>
    <subfield code="b">n</subfield>
    <subfield code="2">rdamedia</subfield>
  </datafield>
  <datafield tag="338" ind1=" " ind2=" ">
    <subfield code="a">volumen</subfield>
    <subfield code="b">nc</subfield>
    <subfield code="2">rdacarrier</subfield>
  </datafield>
  <datafield tag="500" ind1=" " ind2=" ">
    <subfield code="a">CAMPUS I</subfield>
  </datafield>
  <datafield tag="500" ind1=" " ind2=" ">
    <subfield code="a">Tesis en Formato PDF
Tesis en Formato Electr&#xF3;nico
Tesis en Formato Digital</subfield>
  </datafield>
  <datafield tag="502" ind1=" " ind2=" ">
    <subfield code="a">Tesis (Maestr&#xED;a en Matem&#xE1;tica Superior) - Universidad APEC, 2016</subfield>
  </datafield>
  <datafield tag="505" ind1=" " ind2=" ">
    <subfield code="a">ASPECTOS GENERALES SOBRE LA INDUSTRIA DE AGUA PURIFICADA EMBOTELLADA
- Antecedentes del agua embotellada
- Concepto de agua embotellada
- Concepto de agua para consumo humano
- Definiciones claves del c&#xF3;digo modelo "IBWA"
- Qu&#xED;micos peligrosos presentes en una planta de embotellado
- Principales par&#xE1;metros de calidad en el agua embotellada
- Historia de la empresa Agua Planeta Azul, S. A.
PROCESO DE PRODUCCI&#xD3;N DE AGUA EMBOTELLADA
- Historia de los procesos
- Concepto de proceso
- Tipos de procesos
- Purificaci&#xF3;n de agua
- Envasado del producto final
- Distribuci&#xF3;n o entrega al cliente
- Descripci&#xF3;n del proceso de producci&#xF3;n en Agua Planeta azul, S. A.
APLICACI&#xD3;N DEL AN&#xC1;LISIS MATEM&#xC1;TICO EN LA OPTIMIZACI&#xD3;N DEL PROCESO DE RECOLECCI&#xD3;N Y USO DE GARRAFONES RETORNABLES EN LA EMPRESA AGUA PLANETA, S. A.
- Indagatoria sobre la idoneidad de los equipos y materiales utilizados en el proceso de producci&#xF3;n
- Evaluaci&#xF3;n sobre la seguridad del transporte para proteger los garrafones
- Observaci&#xF3;n sobre la manipulaci&#xF3;n y uso de los garrafones
- Creaci&#xF3;n de un modelo que aproxime el comportamiento del costo agregado por concepto de garrafones rechazados
- Determinaci&#xF3;n de la funci&#xF3;n de costos totales de operaciones
- Aplicaci&#xF3;n del an&#xE1;lisis matem&#xE1;tico para optimizar el proceso de recolecci&#xF3;n y uso de garrafones retornables
Conclusiones
Recomendaciones</subfield>
  </datafield>
  <datafield tag="520" ind1=" " ind2=" ">
    <subfield code="a">RESUMEN:
Este trabajo de investigaci&#xF3;n fue realizado con el objetivo de crear un modelo que aproxime el comportamiento del costo agregado por concepto de garrafones rechazados, determinar las funciones de costo total operacional, ingresos y utilidades, para luego aplicar el an&#xE1;lisis matem&#xE1;tico en la optimizaci&#xF3;n del proceso de recolecci&#xF3;n y uso de garrafones retornables en la empresa Agua Planeta Azul S. A., a fin de determinar qu&#xE9; cantidad debe producir la empresa durante una jornada para obtener la m&#xE1;xima utilidad operativa, en cuantas horas puede la empresa obtener la producci&#xF3;n que le genera la m&#xE1;xima utilidad operativa y cu&#xE1;l es la m&#xE1;xima utilidad operativa. A los fines del logro de los objetivos, se realiz&#xF3; una investigaci&#xF3;n que abarca los aspectos generales de la industria, los procesos en general y espec&#xED;ficos del sector agua embotellada, as&#xED; como de los procesos operacionales de la empresa. Se tom&#xF3; la producci&#xF3;n obtenida por la empresa durante seis d&#xED;as consecutivos y se organiz&#xF3; de menor a mayor, cada una acompa&#xF1;ada por su respectiva cantidad de garrafones rechazados, procediendo luego a calcular el costo unitario agregado por concepto de garrafones rechazados durante cada jornada de producci&#xF3;n; luego procedimos a graficar los datos para observar su comportamiento, para as&#xED; poder determinar la funci&#xF3;n que aproxima dicho costo agregado. Obtenida esta funci&#xF3;n, procedimos a determinar las funciones de: costo total operacional, ingresos y utilidades, para finalmente aplicar el an&#xE1;lisis matem&#xE1;tico y optimizar el proceso en cuesti&#xF3;n, presentando tanto los aspectos generales de la optimizaci&#xF3;n como ejemplos de aplicaci&#xF3;n resueltos, para una mejor comprensi&#xF3;n por parte del lector.  </subfield>
  </datafield>
  <datafield tag="650" ind1=" " ind2=" ">
    <subfield code="a">An&#xE1;lisis matem&#xE1;tico</subfield>
    <subfield code="9">6014</subfield>
  </datafield>
  <datafield tag="650" ind1=" " ind2=" ">
    <subfield code="a">Abastecimiento industrial de agua</subfield>
    <subfield code="x">Control de la producci&#xF3;n</subfield>
    <subfield code="9">6015</subfield>
  </datafield>
  <datafield tag="650" ind1=" " ind2=" ">
    <subfield code="a">Agua embotellada</subfield>
    <subfield code="9">6016</subfield>
  </datafield>
  <datafield tag="650" ind1=" " ind2=" ">
    <subfield code="a">Administraci&#xF3;n industrial</subfield>
    <subfield code="9">6017</subfield>
  </datafield>
  <datafield tag="650" ind1=" " ind2=" ">
    <subfield code="a">Administraci&#xF3;n de la producci&#xF3;n</subfield>
    <subfield code="9">6018</subfield>
  </datafield>
  <datafield tag="650" ind1=" " ind2=" ">
    <subfield code="a">Control de procesos industriales</subfield>
    <subfield code="9">6019</subfield>
  </datafield>
  <datafield tag="650" ind1=" " ind2=" ">
    <subfield code="a">Investigaci&#xF3;n operacional</subfield>
    <subfield code="9">6020</subfield>
  </datafield>
  <datafield tag="650" ind1=" " ind2=" ">
    <subfield code="a">Optimizaci&#xF3;n matem&#xE1;tica</subfield>
    <subfield code="9">6021</subfield>
  </datafield>
  <datafield tag="650" ind1=" " ind2=" ">
    <subfield code="a">Ingenier&#xED;a industrial</subfield>
    <subfield code="9">6022</subfield>
  </datafield>
  <datafield tag="650" ind1=" " ind2=" ">
    <subfield code="a">Ingenier&#xED;a de la producci&#xF3;n</subfield>
    <subfield code="9">6023</subfield>
  </datafield>
  <datafield tag="700" ind1=" " ind2=" ">
    <subfield code="a">P&#xE9;rez Izquierdo, Ignacio de la Caridad</subfield>
    <subfield code="e">asesor</subfield>
    <subfield code="9">4328</subfield>
  </datafield>
  <datafield tag="856" ind1=" " ind2=" ">
    <subfield code="u">https://bibliotecaunapec.blob.core.windows.net/tesis/TPG_CI_MAS_01_2016_ET170294.pdf</subfield>
    <subfield code="y">Hacer clic para ver el PDF (1.22 MB). Trabajo de posgrado.</subfield>
  </datafield>
  <datafield tag="912" ind1=" " ind2=" ">
    <subfield code="a">AJRP</subfield>
  </datafield>
  <datafield tag="942" ind1=" " ind2=" ">
    <subfield code="2">ddc</subfield>
    <subfield code="c">TES</subfield>
    <subfield code="h">TPG-CI MAS-01 2016</subfield>
  </datafield>
  <datafield tag="999" ind1=" " ind2=" ">
    <subfield code="c">14453</subfield>
    <subfield code="d">14453</subfield>
  </datafield>
</record>
